KOHA-Header-6

Relational Communication (Record no. 11165)

000 -LEADER
fixed length control field 00270nam a2200109Ia 4500
100 ## - MAIN ENTRY--AUTHOR NAME
Personal name William W.Wilmot
245 #0 - TITLE STATEMENT
Title Relational Communication
260 ## - PUBLICATION, DISTRIBUTION, ETC. (IMPRINT)
Place of publication New York
Name of publisher McGraw Hill
Year of publication 2001
300 ## - PHYSICAL DESCRIPTION
Number of Pages 2004
942 ## - ADDED ENTRY ELEMENTS (KOHA)
Koha item type Books

No items available.

Powered by Koha